000 00450nam a2200193Ia 4500
008 210210b2013 xxu||||| |||| 00| 0 eng d
020 _a9788192420288
041 _aeng
082 _a070.43 ELAN
100 _aELAHI (Raza)
245 _aNuances of journalistic writings
260 _aNew Delhi
_b-
_c2013
300 _aiv,76
650 _awritings
650 _aNuances
650 _ajournalistic
690 _aJournalism
906 _a073679
999 _c123421
_d123421